TEXTBOOK OF HERBAL COSMETICS (Record no. 12319)

MARC details
000 -LEADER
fixed length control field 00401nam a22001697a 4500
003 - CONTROL NUMBER IDENTIFIER
control field OSt
008 - FIXED-LENGTH DATA ELEMENTS--GENERAL INFORMATION
fixed length control field 240327b |||||||| |||| 00| 0 eng d
020 ## - INTERNATIONAL STANDARD BOOK NUMBER
International Standard Book Number 9788123925028
082 ## - DEWEY DECIMAL CLASSIFICATION NUMBER
Classification number 615.321 VIT
100 ## - MAIN ENTRY--PERSONAL NAME
Personal name VIMALADEVI, M
245 ## - TITLE STATEMENT
Title TEXTBOOK OF HERBAL COSMETICS
250 ## - EDITION STATEMENT
Edition statement 1st
260 ## - PUBLICATION, DISTRIBUTION, ETC. (IMPRINT)
Place of publication, distribution, etc New Delhi
Name of publisher, distributor, etc CBS
Date of publication, distribution, etc 2024
300 ## - PHYSICAL DESCRIPTION
Extent xiv,123
650 ## - SUBJECT ADDED ENTRY--TOPICAL TERM
Topical term or geographic name as entry element HARBAL DRUG TECHNOLOGY
942 ## - ADDED ENTRY ELEMENTS (KOHA)
Source of classification or shelving scheme Dewey Decimal Classification
Koha item type Text Books
Holdings
Withdrawn status Lost status Source of classification or shelving scheme Damaged status Not for loan Collection code Home library Current library Date acquired Source of acquisition Currency Cost, normal purchase price Bill Number Total Checkouts Acc. no. / Barcode Date last seen Actual Cost, discounted price Bill Date Koha item type Full call number
    Dewey Decimal Classification     B.Pharma PIET C-LIBRARY PIET C-LIBRARY 27/03/2024 ZAFAA BOOKS RUPEES 295.00 ZBDO406   BP2385 27/03/2024 191.75 07/03/2024 Reference Books  
    Dewey Decimal Classification     B.Pharma PIET C-LIBRARY PIET C-LIBRARY 27/03/2024 ZAFAA BOOKS RUPEES 295.00 ZBDO406   BP2386 27/03/2024 191.75 07/03/2024 Text Books  
    Dewey Decimal Classification     B.Pharma PIET C-LIBRARY PIET C-LIBRARY 27/03/2024 ZAFAA BOOKS RUPEES 295.00 ZBDO406   BP2387 27/03/2024 191.75 07/03/2024 Text Books  
    Dewey Decimal Classification     B.Pharma PIET C-LIBRARY PIET C-LIBRARY 27/03/2024 ZAFAA BOOKS RUPEES 295.00 ZBDO406   BP2388 27/03/2024 191.75 07/03/2024 Text Books  
    Dewey Decimal Classification     B.Pharma PIET C-LIBRARY PIET C-LIBRARY 27/03/2024 ZAFAA BOOKS RUPEES 295.00 ZBDO406   BP2389 27/03/2024 191.75 07/03/2024 Text Books  
    Dewey Decimal Classification     B.Pharma PIET C-LIBRARY PIET C-LIBRARY 23/01/2025 Zafaa Books Distributres In Rupees 295.00 ZBDO449   BP2583 03/02/2025 191.80 16/01/2025 Text Books 615.321 VIT
    Dewey Decimal Classification     B.Pharma PIET C-LIBRARY PIET C-LIBRARY 23/01/2025 Zafaa Books Distributres In Rupees 295.00 ZBDO449   BP2584 03/02/2025 191.80 16/01/2025 Text Books 615.321 VIT
    Dewey Decimal Classification     B.Pharma PIET C-LIBRARY PIET C-LIBRARY 23/01/2025 Zafaa Books Distributres In Rupees 295.00 ZBDO449   BP2585 03/02/2025 191.80 16/01/2025 Text Books 615.321 VIT

Design & Developed by: PIET Central Library
R70 Miles Stone Pattikalyana Samalkha Panipat 132102
mail ID :- [email protected], Phone No:- 0180-2569700 Ex.216